Victimología Forense y derecho penal (Registro nro. 7683)

Detalles MARC
000 -Cabecera
Campo de control de longitud fija 00962ntm a22003497a 4500
005 - Fecha y hora de la última transacción
Campo de control 20250911115208.0
008 - Elementos de longitud fija--Información general
Campo de control de longitud fija 160223b xxu||||| |||| 00| | spa d
041 ## - Idioma
Código de idioma
082 ## - Clasificación Decimal Dewey
Número de clasificación 362.88 R896v
100 ## - Entrada principal--Autor personal
Nombre personal Rubio Lara, Pedro Ángel
100 ## - Entrada principal--Autor personal
Nombre personal Carrillo De Albornoz, Eduardo Osuna
100 ## - Entrada principal--Autor personal
Nombre personal Sánchez Rodríguez, Faustina
245 ## - Título propiamente dicho
Título Victimología Forense y derecho penal
260 ## - Pie de imprenta
Lugar de publicación, distribución, etc. España
260 ## - Pie de imprenta
Nombre del editor, distribuidor, etc. Tirant Lo Blanch
260 ## - Pie de imprenta
Fecha de publicación, distribución, etc. 2010
300 ## - Descripción física
Extensión 398 páginas
490 ## - Serie
Título de la Serie Investigación Criminal
650 ## - Materia general
Temática (materia general) VICTIMOLOGÍA FORENSE
650 ## - Materia general
Temática (materia general) DERECHO PENAL
650 ## - Materia general
Temática (materia general) MEDICINA LEGAL
650 ## - Materia general
Temática (materia general) VÍCTIMAS
650 ## - Materia general
Temática (materia general) ABUSO DEL ANCIANO
650 ## - Materia general
Temática (materia general) ACOSO
650 ## - Materia general
Temática (materia general) MUERTES VIOLENTAS
650 ## - Materia general
Temática (materia general) VIOLENCIA CONTRA LA MUJER
650 ## - Materia general
Temática (materia general) MALTRATO INFANTIL
650 ## - Materia general
Temática (materia general) ENTREVISTA PSICÓLOGO-FORENSE
650 ## - Materia general
Temática (materia general) INSTRUMENTOS DE DIAGNÓSTICO
650 ## - Materia general
Temática (materia general) MÉDICO FORENSE
942 ## - Punto de acceso adicional KOHA
Tipo de ítem KOHA Libro
Fuente del sistema de clasificación o colocación Dewey Decimal Classification
Existencias
Signatura completa Código de barras Programa Académico Tipo de ítem
362.88 R896v 20418 Investigación Criminal Libro